Statistics for Top 300 Baby Girl Names USA 2022

Click here to take the quiz!

General Stats

  • This quiz has been taken 125 times
  • The average score is 132 of 300

Answer Stats

Answer% Correct
7Ava
89%
1Olivia
89%
2Emma
87%
17Emily
86%
83Anna
83%
122Eliza
83%
136Mary
83%
15Elizabeth
81%
91Maria
81%
8Mia
81%
120Rose
81%
13Sofia
80%
5Sophia
80%
156Isabel
79%
177Sara
79%
64Alice
77%
25Ella
77%
9Evelyn
77%
6Isabella
77%
166Katherine
77%
233Lilly
77%
30Lily
77%
248Lia
74%
48Lucy
74%
43Victoria
74%
4Amelia
73%
154Ashley
73%
108Eva
73%
47Hannah
73%
63Sophie
73%
38Zoe
73%
55Natalie
71%
24Abigail
70%
205Amy
70%
85Bella
70%
77Caroline
70%
3Charlotte
70%
112Julia
70%
23Aria
69%
18Chloe
69%
34Madison
69%
106Samantha
69%
33Ellie
67%
35Grace
67%
158Olive
67%
206Annie
66%
279Kayla
66%
262Lola
66%
28Nora
66%
171Brianna
64%
11Harper
64%
260Hope
64%
42Ivy
64%
290Jane
64%
178Jasmine
64%
50Lillian
64%
10Luna
64%
19Mila
64%
62Ruby
64%
94Sarah
64%
226Angela
63%
26Avery
63%
36Isla
63%
79Natalia
63%
244Rachel
63%
54Addison
61%
189Alexandra
61%
175Arianna
61%
21Penelope
61%
39Riley
61%
20Violet
61%
37Willow
61%
125Daisy
60%
275Evie
60%
296Rebecca
60%
217Taylor
60%
201Zara
60%
208Ana
59%
191Faith
59%
89Gabriella
59%
88Jade
59%
172June
59%
29Layla
59%
128Margaret
59%
199Molly
59%
181Ada
57%
269Brooke
57%
72Brooklyn
57%
162Georgia
57%
214Phoebe
57%
40Stella
57%
155Andrea
56%
139Esther
56%
257Gracie
56%
84Iris
56%
130Melanie
56%
14Scarlett
56%
101Allison
54%
31Aurora
54%
75Cora
54%
228Diana
54%
49Elena
54%
27Hazel
54%
210Kimberly
54%
198Kylie
54%
52Leah
54%
102Madeline
54%
69Aaliyah
53%
67Audrey
53%
16Eleanor
53%
51Maya
53%
90Ariana
51%
58Delilah
51%
267Gia
51%
80Hailey
51%
70Josephine
51%
119Josie
51%
46Naomi
51%
148Valerie
51%
81Aubrey
50%
259Elise
50%
188Elsie
50%
293Juliet
50%
53Paisley
50%
288Alyssa
49%
71Autumn
49%
117Eden
49%
131Elliana
49%
129Freya
49%
22Gianna
49%
251Lena
49%
295Maggie
49%
127Millie
49%
213Morgan
49%
68Sadie
49%
153Summer
49%
103Vivian
49%
182Bailey
47%
123Charlie
47%
74Kennedy
47%
93Lydia
47%
32Nova
47%
289Payton
47%
124Peyton
47%
179Ruth
47%
239Selena
47%
12Camila
46%
66Claire
46%
212Kamila
46%
272Ophelia
46%
73Quinn
46%
176Rosalie
46%
237Ariel
44%
110Clara
44%
57Everly
44%
227Hallie
44%
161Kaylee
44%
97Liliana
44%
126Lucia
44%
141Mackenzie
44%
109Melody
44%
113Piper
44%
76Savannah
44%
271Sydney
44%
203Alana
43%
116Brielle
43%
41Eliana
41%
220Juliana
41%
236Camille
40%
86Eloise
40%
44Emilia
40%
193Margot
40%
135Sienna
40%
255Daniela
39%
221Lila
39%
95Nevaeh
39%
147Reagan
39%
300Thea
39%
164Anastasia
37%
183Ariella
37%
187Callie
37%
197Gemma
37%
111Hadley
37%
114Juniper
37%
115Parker
37%
144Sage
37%
96Serenity
37%
87Skylar
37%
56Valentina
37%
146Valeria
37%
283Adelaide
36%
98Ayla
36%
200Blake
36%
278Daphne
36%
170Emerson
36%
165Genevieve
36%
297London
36%
281Lucille
36%
211Noelle
36%
150River
36%
224Vera
36%
268Evangeline
34%
137Isabelle
34%
246Leila
34%
265Miriam
34%
286Teagan
34%
92Adeline
33%
231Arabella
33%
78Athena
33%
145Cecilia
33%
65Genesis
33%
104Maeve
33%
169Amaya
31%
215Harmony
31%
298Noa
31%
276Rowan
31%
167Blakely
30%
280Dahlia
30%
258Dakota
30%
61Kinsley
30%
243Mariana
30%
291Mckenna
30%
168Reese
30%
133Alina
29%
285Haven
29%
277Marley
29%
45Zoey
29%
209Amira
27%
261Harlow
27%
59Leilani
27%
240Sawyer
27%
180Adalyn
26%
292Celeste
26%
242Delaney
26%
157Oakley
26%
142Amara
24%
160Ember
24%
218Finley
24%
105Lyla
24%
230Presley
24%
184Wren
24%
143Ximena
23%
149Catalina
21%
82Emery
21%
252Kiara
21%
60Madelyn
21%
241Nyla
21%
140Sloane
21%
202Alaina
20%
249Octavia
20%
118Remi
20%
194Zuri
20%
204Brynlee
19%
163Juliette
19%
264Malia
19%
159Oaklynn
19%
207Saylor
19%
232Aliyah
17%
225Kaia
17%
250Kali
17%
151Magnolia
17%
282Blair
16%
100Raelynn
16%
274Tatum
16%
245Adaline
14%
196Aspen
14%
186Khloe
14%
192Norah
14%
287Adelyn
13%
235Jordyn
13%
273Alayna
11%
254Elaina
11%
99Everleigh
11%
234Milani
11%
185Myla
11%
107Rylee
11%
299Samara
11%
216Sutton
11%
132Adalynn
10%
121Arya
10%
247Collins
10%
270Lilith
10%
173Alani
9%
195Journee
9%
174Lainey
9%
256Leia
9%
238Aubree
7%
152Kehlani
7%
222Londyn
7%
294Palmer
7%
190Ryleigh
7%
263Stevie
7%
284Wrenley
7%
138Alaia
6%
134Emersyn
6%
229Lennon
6%
219Lilah
6%
253Kaylani
4%
266Alora
3%
223Kailani
3%

Score Distribution

Percentile by Number Answered

Percent of People with Each Score

Your Score History

You have not taken this quiz